drapeaux du monde #3 - Statistiques

Statistiques générales
  • Ce quiz a été pris 167 fois
  • Le résultat moyen est 10 sur 16
Statistiques - réponses
Par images Réponse % Correct
france
99%
grece
96%
finlande
91%
georgie
81%
ghana
71%
fidji
64%
gabon
64%
guinée
60%
guatemala
55%
grenade
46%
guyane
45%
gambie
42%
guyana
42%
guinée équatoriale
41%
guinée bissau
39%
guadeloupe
30%
Aucun quiz correspondant
Distribution des résultats
% des personnes avec chaque résultat
Percentile par nombre de réponses
Votre historique - résultats
Vous n’avez pas pris ce quiz